| 000 | 00645cam a2200217 4500 | ||
|---|---|---|---|
| 001 | M1914 | ||
| 008 | 090401t1995 xxu||||| |||| 00| 0 eng d | ||
| 035 | _a(Sirsi) u35234 | ||
| 041 | _aeng | ||
| 050 | _a333.0062 | ||
| 090 | _aRICS 1995/59AB | ||
| 110 |
_aRoyal Institution of Chartered Surveyors _94900 |
||
| 245 | _aPeople in property: the inaugral address of the President, Simon Pott FRICS, given on 11 July 1995 at the Institution`s headquarters in London. | ||
| 260 |
_aLondon _bRICS _c1995 |
||
| 300 | _a11p. ; 30cm. | ||
| 350 | _a0 | ||
| 650 | _aPRESIDENTIAL ADDRESS | ||
| 650 | _aSPEECHES | ||
| 942 | _n0 | ||
| 948 | _c04/03/1997 | ||
| 999 |
_c90072 _d90072 |
||